LIBRARY & INFORMATION CENTRE, KCAET, TAVANUR

ONLINE PUBLIC ACCESS CATALOGUE (OPAC)

Normal view MARC view
  • Naumov, V .

Entry Personal Name

Number of records used in: 1

001 - CONTROL NUMBER

  • control field: 1767

003 - CONTROL NUMBER IDENTIFIER

  • control field: OSt

005 - DATE AND TIME OF LATEST TRANSACTION

  • control field: 20161014124938.0

008 - FIXED-LENGTH DATA ELEMENTS

  • fixed length control field: 161014|| aca||aabn | a|a d

040 ## - CATALOGING SOURCE

  • Original cataloging agency: OSt
  • Transcribing agency: OSt

100 ## - HEADING--PERSONAL NAME

  • Personal name: Naumov, V .

670 ## - SOURCE DATA FOUND

  • Source citation: Work cat.: (OSt)3299: Kamenschikov, G . 1764, Forging Practice / , 1971.
free website counter